| 000 | 00473nam a2200193Ia 4500 | ||
|---|---|---|---|
| 003 | OSt | ||
| 005 | 20250902093523.0 | ||
| 008 | 250729s2004 xx 000 0 und d | ||
| 020 | _a978-8176485890 | ||
| 040 | _cAL | ||
| 041 | _aeng | ||
| 082 | _a372.8 KUMT | ||
| 100 |
_aKumar Arvind _9222367 |
||
| 245 | _aA text book of enviournmental science | ||
| 260 |
_aNew Delhi _bA P H Publishing _c2004 |
||
| 300 | _a376p | ||
| 650 |
_aEducation _9222368 |
||
| 942 |
_2ddc _cBED |
||
| 999 |
_c235429 _d235429 |
||